=LDR 00000nam 2200000 4500 =001 INLIS000000000024811 =005 20170116091145.0 =006 =007 =008 Ind =035 ##$$0010-061300000024811 =041 ##$$a Ind =082 ##$$a 028.5 =090 ##$$a 028.5, Ber d =100 ##$$a Berenstain, Michael =245 ##$$a Dinosaurus bertanduk triceratops, Michael Berenstain =260 ##$$a 1992 $b Jakarta =300 ##$$a 23 hlm, ilus, 20 cm =650 ##$$a Bacaan Anak - Dinosaurus =850 ##$$a NBPNMAT